Rivers for Life: Managing Water for People and Nature (Record no. 14397)

000 -LEADER
fixed length control field 00397nam a2200157Ia 4500
003 - CONTROL NUMBER IDENTIFIER
control field OSt
005 - DATE AND TIME OF LATEST TRANSACTION
control field 20260316191540.0
008 - FIXED-LENGTH DATA ELEMENTS--GENERAL INFORMATION
fixed length control field 260210s9999 xx 000 0 und d
020 ## - INTERNATIONAL STANDARD BOOK NUMBER
International Standard Book Number 9781559634441
082 ## - DEWEY DECIMAL CLASSIFICATION NUMBER
Classification number 333.916
100 ## - MAIN ENTRY--PERSONAL NAME
Personal name Sandra Postel ; Brian Richter
245 #0 - TITLE STATEMENT
Title Rivers for Life: Managing Water for People and Nature
260 ## - PUBLICATION, DISTRIBUTION, ETC. (IMPRINT)
Name of publisher, distributor, etc Island Press
300 ## - PHYSICAL DESCRIPTION
Extent 2003
942 ## - ADDED ENTRY ELEMENTS (KOHA)
Item type UG Books
Source of classification or shelving scheme
Holdings
Withdrawn status Lost status Source of classification or shelving scheme Damaged status Koha normalized classification for sorting Not for loan Permanent location Current location Shelving location Date acquired Full call number Barcode Date last seen Price effective from Koha item type
        333_916000000000000   BMS College of Architecture, Design and Planning BMS College of Architecture, Design and Planning General Stacks 2025-12-17 333.916 AR-UG5207 2026-02-10 2026-02-10 UG Books
Copyright © 2025, The Librarian, Library and Information Centre, BMSCA D&P, Bengaluru. All Rights Reserved
web counter

Powered by Koha